00539 2200205 4500001002100000005001500021035002000036245004400056100002800100300002600128700001800154260005600172082001200228084001800240020002200258650002000280990001100300990001100311990001100322INLIS00000000000160320231215084007 a0010-12230000131 aKado Terbaik /cJombang Santani Khairen0 aJombang Santani Khairen avii, 248 hlm ;c20 cm0 aTrian Lesmana aJakarta :bPT Gramedia Widiasarana Indonesia,c2023 a899.221 a899.221 JOM k a978-602-052-932-5 4aFiksi Indonesia a002998 a002999 a003000